Statistiques concernant Trouve les paroles - À nos souvenirs - Trois Cafés Gourmands

Cliquez ici pour prendre le quiz!

Statistiques générales

  • Ce quiz a été pris 202 fois
  • Le résultat moyen est 248 sur 372

Statistiques - réponses

Réponse% Correct
De
98%
de
98%
te
98%
ce
97%
Ce
97%
en
97%
mon
97%
à
96%
a
96%
Le
96%
le
96%
la
95%
La
95%
petit
95%
pour
95%
Pour
95%
94%
bout
93%
Et
93%
et
93%
père
93%
es
92%
ma
92%
me
92%
se
92%
terre
92%
coin
91%
des
91%
encore
91%
paradis
91%
que
89%
Que
89%
Tu
89%
tu
89%
vit
89%
Comment
88%
Dans
88%
dans
88%
on
88%
On
88%
Oublier
88%
oublier
88%
un
88%
Un
88%
faire
86%
pourrais-je
86%
au
84%
d'elle
84%
du
84%
matin
84%
Ne
84%
ne
84%
pas
84%
puis-je
84%
Corrèze
83%
l'eau
83%
loin
83%
est
82%
je
82%
Je
82%
parisien
82%
parti
82%
séparer
82%
t'as
82%
tout
81%
vaches
81%
C'est
80%
faut
80%
peu
79%
photo
79%
coeur
77%
trouvé
77%
Belle
76%
y
76%
fausses
75%
faute
75%
joue
75%
notes
75%
as
74%
n'était
74%
l'vin
72%
rappeler
72%
Si
72%
si
72%
tableaux
72%
vous
72%
Vous
72%
chagrin
70%
charnelle
70%
con
70%
cousin
70%
c'que
70%
bonheur
69%
l'âme
69%
vagues
69%
peur
68%
tes
67%
chanson
66%
drame
66%
mal
66%
pays
66%
pire
66%
qu'on
66%
Acheter
65%
Jeremy
65%
aura
64%
autre
64%
chemin
64%
frère
64%
Guillaume
64%
Il
64%
trompe
64%
voyage
64%
ciel
63%
fais
63%
Joel
63%
bagages
62%
meilleur
62%
Les
61%
les
61%
N'aimez
61%
patriotard
61%
bizarre
60%
monte
60%
personne
60%
peut-être
59%
qu'un
59%
Allez
58%
religion
58%
veut
58%
amis
57%
Au-delà
57%
fruit
57%
touchera
57%
mourir
56%
Viens
56%
d'une
55%
Jamais
55%
l'aime
55%
confession
54%
m'trouvez
54%
réflexion
54%
région
54%
rejoindre
54%
d'ma
53%
qu'une
53%
croyez
51%
vos
51%
nos
50%
nous
48%
Nous
48%
tête
45%
yeux
45%
Yoan
45%
s'ra
44%
coup
43%
résonnent
43%
sur
41%
voix
41%
grands-pères
40%
grands-mères
39%
Mais
39%
testament
39%
cette
38%
France
38%
joli
38%
qui
37%
bien
36%
J'ai
36%
soir
36%
souvenirs
36%
chabrol
34%
confidence
33%
enfants
33%
Notre
33%
notre
33%
boire
32%
Elle
32%
Mimi
32%
profité
31%
dernier
30%
fête
30%
Lucas
29%
temps
29%
dégage
28%
faisons
28%
s'il
28%
toi
28%
L'odeur
27%
brillent
26%
cathéter
26%
gâté
26%
héritage
26%
juste
26%
relève
26%
dire
25%
avant
24%
avec
24%
pétille
24%
Piedri
24%
piste
24%
prenez
24%
p'tits
24%
remplir
24%
t'aime
24%
Vue
24%
suis
23%
soin
22%
t'laisse
22%
vivants
22%
fier
21%
Acceptez
20%
j'en
19%
rengaine
19%
Soyez
19%
sers-nous
18%
D'être
16%
Enterrez-nous
16%
Monédières
16%
sûrs
14%
jabot
11%
Bâillonnnés
9%
niole
7%

Distribution des résultats

Percentile par nombre de réponses

% des personnes avec chaque résultat

Votre développement - résultats

Vous n’avez pas pris ce quiz